000 00964nam a2200265Ia 4500
003 OSt
005 20221005105050.0
006 a|||||r|||| 00| 0
007 ta
008 221004b |||||||| |||| 00| 0 hin d
020 _cINR 110.00
024 _a37152
037 _b1518, 21/02/2018, Bookwell
_cTextual
040 _aCRL
_cCRL
_bhin
041 _2hin
_ahin
082 _aM3, 152N4
100 _aवर्मा, प्रमिला, ले.
245 0 _aप्रायोगिक गृहविज्ञान
246 _aPrāyogik gṛuhavijnyāna
260 _aदिल्ली
_bहिंदी माध्यम कार्यान्वय निदेशालय भारत
_c1994
300 _a664पृ0
_ccm.
650 _aऔद्योगिक कलाएं
942 _hM3, 152N4
_cTEXL
_2cc
999 _c1014651
_d1014651